Top 15 Countries with Covid-19 Deaths - 16 February 2022 - Statistics

General Stats
  • This quiz has been taken 28 times
  • The average score is 15 of 26
Answer Stats
country % Correct
Brazil
96%
United States
96%
France
93%
Germany
93%
Italy
93%
Mexico
93%
United Kingdom
93%
India
89%
Russia
89%
Argentina
71%
Poland
71%
Indonesia
68%
Iran
64%
Colombia
61%
Peru
57%
Hungary
46%
Romania
36%
Bulgaria
29%
Czechia
29%
Slovakia
29%
Bosnia and Herzegovina
25%
Croatia
25%
Georgia
21%
Slovenia
21%
North Macedonia
14%
Lithuania
11%
No matching quizzes found
Score Distribution
Percent of People with Each Score
Percentile by Number Answered
Your Score History
You have not taken this quiz